• 首页
  • 本馆介绍
  • 公告通知
  • 最新文献
  • 馆藏检索
  • 电子资源
  • 读者导购
  • 参考咨询
  • 我的图书馆
  • 登录
  • 详细信息显示
  • 放入我的书架
  • 预约/预借图书
  • 作者相关作品
  • 分类相关作品
  • 丛书相关作品
  • 出版社相关作品

书目信息

  • 表格格式
  • 工作单格式
  • 卡片格式
题名:
头像 肖像 着衣素描 人体素描素描写作
    
 
作者: 陈文华 主编
分册:  
出版信息: 南宁   广西美术出版社  2009.04
页数: 144页
开本: 30cm
丛书名:
单 册:
中图分类: J234
科图分类:
主题词: 绘画--世界 , 绘画--各国
电子资源:
ISBN: 978-7-80746-416-7
000 00668nam0 2200217 450
001 1176171426
005 20110330211049.32
010    @a978-7-80746-416-7@dCNY98.00
100    @a20110330d2009 km y0chiy0120 ea
101 0  @achi
102    @aCN
200 1  @a头像 肖像 着衣素描 人体素描素描写作@Atou xiang xiao xiang zhe yi su miao ren ti su miao su miao xie zuo@f陈文华主编@Fchen wen hua zhu bian
210    @a南宁@c广西美术出版社@d2009.04
215    @a144页@d30cm
300    @a圣彼得堡列宾美术学院
606 0  @a绘画@x世界
606 0  @a绘画@y各国
690    @aJ234@v5
701  0 @a陈文华@Achen wen hua@4主编
801  0 @aCN@bNISOFT@c20110330
905    @aBZT@dJ234@e2
    
    头像 肖像 着衣素描 人体素描素描写作/陈文华主编.-南宁:广西美术出版社,2009.04
    144页;30cm
    圣彼得堡列宾美术学院
    
    ISBN 978-7-80746-416-7:CNY98.00
    
●
相关链接 在五车中查询图书 在当当中查询图书 在豆瓣中查询图书


正题名:头像 肖像 着衣素描 人体素描素描写作     索取号:J234/2         预约/预借

序号 登录号 条形码 馆藏地/架位号 状态 备注
1 751919   2000751919   样本书库/样006架A面4层2列/ [索取号:J234/2] 在馆    
2 751920   2000751920   中心书库中库/ 中库017架B面4列1层6/ [索取号:J234/2] 在馆    
3 751921   2000751921   中心书库中库/ 中库017架A面3列6层36/ [索取号:J234/2] 在馆    
4 751922   2000751922   中心书库中库/ 中库017架A面5列7层12/ [索取号:J234/2] 在馆    
5 751923   2000751923   中心书库中库/ 中库017架B面1列4层27/ [索取号:J234/2] 在馆    
6 751924   2000751924   中心书库中库/ 中库017架B面4列1层5/ [索取号:J234/2] 在馆    
山东省滨州职业学院图书馆 欢迎您!
大连网信软件有限公司© 版权所有